|
|
|
|
| LEADER |
00000cam a2200000 a 4500 |
| 001 |
vtls001226823 |
| 003 |
SK-MaSNL |
| 005 |
20260302065227.0 |
| 008 |
251113s1996 xo al grf 00000 slo |
| 015 |
|
|
|a SNBA1996/0802230
|
| 020 |
|
|
|a 8071182532
|
| 035 |
|
|
|a SNK000173825
|
| 040 |
|
|
|a SNK
|b slo
|c SNK
|e AACR2
|
| 041 |
1 |
|
|a slo
|h eng
|
| 044 |
|
|
|a xo
|c SK
|
| 080 |
|
|
|a 133.526(510)
|2 1981
|
| 100 |
1 |
|
|a Kwok, Man-Ho,
|d 1943-
|4 aut
|9 45172
|
| 240 |
1 |
0 |
|a Dog
|l Slovensky
|
| 245 |
1 |
0 |
|a Pes
|c Kwok Man-Ho ; [z anglického originálu preložila Alena Šťastná]
|
| 260 |
|
|
|a Bratislava
|b Ikar
|c 1996
|
| 300 |
|
|
|a 45 s.
|b ilustr., tab.
|c 16 cm
|
| 490 |
1 |
|
|a Knižnica čínskych horoskopov
|
| 650 |
0 |
7 |
|a čínske horoskopy
|2 SNKPH
|9 2095
|
| 655 |
|
7 |
|a príručky
|2 SNKPH
|9 74364
|
| 700 |
1 |
|
|a Šťastná, Alena
|4 trl
|9 47229
|
| 830 |
|
0 |
|a Knižnica čínskych horoskopov
|9 284479
|
| 852 |
|
|
|a Slovenská národná knižnica
|
| 919 |
|
|
|a 80-7118-253-2
|
| 958 |
|
|
|a TL
|
| 958 |
|
|
|a OP
|
| 958 |
|
|
|a GB
|
| 999 |
|
|
|c 1140992
|d 1142922
|
| 952 |
|
|
|t P60, <03>, [BOOK], {603}
|a SNK
|b SNK
|y PREZ
|7 0
|p 17A0003479
|o snkSD 67234
|i snkKSP 4008/96
|0 0
|1 0
|4 0
|d 1996-04-26
|l 0
|r 2005-01-01 00:00:00
|w 2026-02-24
|
| 952 |
|
|
|t P60, <09>, [BOOK], {629}
|a SNK
|b SNK
|y NEVYP
|7 0
|o snkD 152
|i snk1603/960430
|0 0
|1 0
|4 0
|d 1996-04-26
|l 0
|r 2005-01-01 00:00:00
|w 2026-02-24
|
| 952 |
|
|
|t P60, <04>, [BOOK], {604}
|a SNK
|b SNK
|y VYP
|7 0
|p 17A0003480
|o snkSD 67234 D1
|i snkKSP 4009/96
|0 0
|1 0
|4 0
|d 1996-04-26
|l 0
|r 2005-01-01 00:00:00
|w 2026-02-24
|